Beef Dishes - Sudden Death - Statistics

General Stats
  • This quiz has been taken 148 times
  • The average score is 5 of 16
Answers on the Grid
Answers color-coded by a green-red scale on the quiz's grid according to % correct below.
Crying tiger / Suea rong hai
Beef Wellington
Tournedos Rossini
Wagyu teppanyaki
Philly cheesesteak
French dip
Steak au poivre
Cottage pie
Bulgogi
Yukgaejang
Gulyásleves
Bún bò Huế
Pašticada
Gyūdon
Montreal-style smoked meat
Hamburg steak
Haggis
Griot
Quiche Lorraine
Tonkatsu
Portobello steak
Coq au vin
Qarta
Caesar salad
Club sandwich
Cobb salad
Frankfurter Rippchen
Pizza Margherita
 
Answer Stats
Answer % Correct
Beef Wellington
65%
Hamburg steak
61%
Philly cheesesteak
59%
Wagyu teppanyaki
56%
Steak au poivre
52%
Bulgogi
43%
Cottage pie
43%
Montreal-style smoked meat
27%
French dip
19%
Tournedos Rossini
15%
Bún bò Huế
13%
Gyūdon
13%
Crying tiger / Suea rong hai
12%
Yukgaejang
9%
Gulyásleves
7%
Pašticada
7%
No matching quizzes found
Score Distribution
Percent of People with Each Score
Percentile by Number Answered
Your Score History
You have not taken this quiz